000 00492nam a2200193Ia 4500
008 131103s9999 xx 000 0 und d
020 _a600023656
040 _aLoreto College
041 _aEnglish
082 _aREF
_bLCBED/8995
100 _aIons, Veronica
245 _aEgyptian mythology
_cVeronica Ions
260 _aLondon
_bPal Hamlyn
_c1968
300 _a141p.
_b ill., pic
_c 26cm.
504 _aIncludes index
650 _aRefarence book
850 _aLCBED/REF
942 _cBK
999 _c31134
_d81613